01181nab a22002057a 4500999001500000003000400015005001700019008004100036040000700077100003700084245008200121300001500203500003700218505032000255505016500575650002800740650003500768773015900803942001300962 c6237d6237OSt20260126045650.0190514b xxu||||| |||| 00| 0 spa d cPJ 96955aOrlievsky, Natalia Soledad13aEl desafío de la cuantificación económica /bNatalia Soledad Orlievsky. ap. 205-214 aCita: TR LALEY AR/DOC/2667/2024. aSumario: I. Palabras introductorias.— II. Aproximando una conceptualización de la compensación económica.— III. El caso en comentario.— IV. Lo que dice el fallo.— V. Lo resuelto.— VI. Pautas generales para la fijación de la compensación.— VII. Cuantificación.— VIII. Cierre y reflexiones.  tFallo comentado: SC Mendoza, sala I ~ 14/03/2024 ~ F., M. C. c. G., D. D. por compensación económica (mixto) SCANEAD s/ recurso extraordinario provincial. 09967aDERECHO DE FAMILIA 091057aJURISPRUDENCIA APLICABLE0 0284493222dBuenos Aires : AbeledoPerrot, 1989-tDerecho de familia. Revista Interdisciplinaria de doctrina y jurisprudencia. Diciembre 2024-VI.z18511201 2udccANA